000
00231nam a2200097Ia 4500
008
231107s1995 xx 000 0 und d
041
_a
eng
100
_a
Kasu Ahmad
245
_a
Interior Design
260
_a
Bombay
_b
Iqurra Pub.
_c
1995
999
_c
923073
_d
923073